LEADER 02494nam 22006493u 450 001 9910450841603321 005 20210128055110.0 010 $a9786612950070 010 $a1-58890-676-0 035 $a(CKB)1000000000340045 035 $a(EBL)293187 035 $a(OCoLC)437178917 035 $a(SSID)ssj0000147163 035 $a(PQKBManifestationID)11136401 035 $a(PQKBTitleCode)TC0000147163 035 $a(PQKBWorkID)10005933 035 $a(PQKB)10855806 035 $a(MiAaPQ)EBC293187 035 $a(EXLCZ)991000000000340045 100 $a20130708d2004|||| u|| | 101 0 $aeng 135 $aur|n|---||||| 181 $ctxt 182 $cc 183 $acr 200 10$aEndoscopy of the Upper GI Tract$b[electronic resource] $eA Training Manual 210 $aNew York $cGeorg Thieme Verlag$d2004 215 $a1 online resource (210 p.) 300 $aDescription based upon print version of record. 311 $a1-58890-239-0 327 $aEndoscopy of the Upper GI Tract; Half Title; Title; Copyright; Preface; Acknowledgments; Abbreviations; Contents; General; Examination Technique and Normal Findings; Pathological Findings: Esophagus; Pathological Findings: Stomach; Pathological Findings: Duodenum; Interventional Procedures and Extended Endoscopic Examination Methods; Appendix; Subject Index 330 $aWhile technological advances have made endoscopy one of the most common procedures for examining the upper GI tract, learning how to maneuver the instruments and ... 606 $aGastroscopy$xExamination$vHandbooks, manuals, etc 606 $aEsophagoscopy$vHandbooks, manuals, etc 606 $aIntestine, Small$vHandbooks, manuals, etc 606 $aEndoscopy$vHandbooks, manuals, etc 606 $aEndoscopy, Gastrointestinal$xmethods 606 $aUpper Gastrointestinal Tract$xpathology 608 $aElectronic books. 608 $aAtlas. 615 0$aGastroscopy$xExamination 615 0$aEsophagoscopy 615 0$aIntestine, Small 615 0$aEndoscopy 615 12$aEndoscopy, Gastrointestinal$xmethods. 615 12$aUpper Gastrointestinal Tract$xpathology. 676 $a616.3307545 700 $aBlock$b Berthold$015952 702 $aSchmidt$b Hartmut 702 $aSchachschal$b Guido 801 0$bAU-PeEL 801 1$bAU-PeEL 801 2$bAU-PeEL 906 $aBOOK 912 $a9910450841603321 996 $aEndoscopy of the Upper GI Tract$92094031 997 $aUNINA LEADER 01567nas 2200445-a 450 001 9910446851503321 005 20230627152444.0 011 $a2165-1442 035 $a(OCoLC)768772606 035 $a(CKB)2550000000072473 035 $a(CONSER)--2011273634 035 $a(EXLCZ)992550000000072473 100 $a20111219a20129999 --- a 101 0 $aeng 135 $aur||||||||||| 181 $ctxt$2rdacontent 182 $cc$2rdamedia 183 $acr$2rdacarrier 200 10$aCareer development and transition for exceptional individuals 210 $aThousand Oaks, CA $cSage Publications$d©2012- 300 $aRefereed/Peer-reviewed 311 $a2165-1434 606 $aExceptional children$xVocational education$zUnited States$vPeriodicals 606 $aExceptional children$xVocational education$2fast$3(OCoLC)fst00917631 606 $aInfants inadaptats$vRevistes$2lemac 606 $aEducació especial$vRevistes$2lemac 607 $aUnited States$2fast 608 $aPeriodicals.$2fast 608 $aPeriodicals.$2lcgft 615 0$aExceptional children$xVocational education 615 7$aExceptional children$xVocational education. 615 7$aInfants inadaptats 615 7$aEducació especial 676 $a370 712 02$aHammill Institute on Disabilities, 712 02$aCouncil for Exceptional Children.$bDivision on Career Development and Transition, 906 $aJOURNAL 912 $a9910446851503321 996 $aCareer development and transition for exceptional individuals$92004866 997 $aUNINA